| 000 | 01498cam a2200361 a 4500 | ||
|---|---|---|---|
| 999 |
_c25640 _d25640 |
||
| 001 | 3961014 | ||
| 003 | OSt | ||
| 005 | 20170201091109.0 | ||
| 008 | 940616s1994 alua c l000 0 eng | ||
| 010 | _a 94028550 | ||
| 020 | _a0892800348 | ||
| 040 |
_aDLC _cDLC _dDLC |
||
| 043 | _an-usu-- | ||
| 050 | 0 | 0 |
_aN6520 _b.M66 1994 |
| 082 | 0 | 0 |
_a709/.75/07476147 _220 |
| 111 | 2 |
_aMontgomery Biennial _n(2nd : _d1994) |
|
| 245 | 1 | 0 |
_aChiaroscuro : _ba contemporary study of light and dark : an exhibition / _ccurated by Jane Kessler and Curators' Forum. |
| 260 |
_aMontgomery : _bThe Museum, _cc1994. |
||
| 300 |
_a1v. (unpaged) : _bcol. ill. ; _c28 cm. |
||
| 500 | _a"Montgomery Museum of Fine Arts, Montgomery, Alabama, September 18-October 30, 1994." | ||
| 500 | _a"Montgomery 1994 biennial." | ||
| 650 | 0 |
_aArt, American _zSouthern States _y20th century _vExhibitions. |
|
| 650 | 0 |
_aRegionalism in art _zSouthern States _vExhibitions. |
|
| 650 | 0 |
_aChiaroscuro _vExhibitions. |
|
| 650 | 0 |
_aArt and society _vExhibitions. |
|
| 700 | 1 | _aKessler, Jane. | |
| 710 | 2 | _aMontgomery Museum of Fine Arts. | |
| 710 | 2 | _aCurators' Forum (Charlotte, N.C.) | |
| 906 |
_a7 _bcbc _corignew _d1 _eocip _f19 _gy-gencatlg |
||
| 942 |
_2lcc _cBOOKS _hN 6520 .M66 1994 |
||